000 00462nam a2200181Ia 4500
001 11529
005 20260306162834.0
008 260306t1965||||xx |||||||||||||| ||spa||
041 _aESP
082 _a985.071
_bZ38
100 _aZarate Lescano, José (Tte Crl)
_eAUT
245 0 _aHistoria militar del conflicto con Colombia de 1932
260 _c1965
300 _a396 páginas :
_c24 cm.
650 _aGEN
654 _aCHU
942 _cLIB
_dJUS
_fJUS
_2ddc
_n
999 _c11529
_d11529